LEADER 01401nam a2200265 i 4500 001 000000243791 003 CaOOAMICUS 005 20150721000000.0 008 150721s1926 it u000 u ita u 013 $a222696 040 $aSeMil$bita 245 10$aPrincipi e direttive in ordine alla scuola, ai problemi economici ed alla attivitą politica :$b1925, Napoli /$cAzione Cattolica Italiana : Giunta Centrale. 260 $aMilano :$bVita e Pensiero,$cstampa 1926. 300 $a241 p. ;$c26 cm. 490 0 $aSettimane sociali dei cattolici italiani ;$v12. Sessione 650 4$aItalia - Economia.$0(OLS)http://semarc/subject/9162 650 4$aScuola - Italia.$0(OLS)http://semarc/subject/729 650 4$aItalia - Politica.$0(OLS)http://semarc/subject/3639 700 1 $aAzione Cattolica Italiana : Giunta Centrale.$0(OLS)http://semarc/name/1648 700 1 $aSettimane sociali d'Italia <12. ; 1925 ; Napoli>.$0(OLS)http://semarc/name/82276 830 0$aSettimane sociali dei cattolici italiani ;$v12. Sessione.$0(OLS)http://semarc/title/43673 850 $aSeMil 852 $aSeMil$W1$xVenegono$y1$m3N V 76$j194137$B194137$CSeMilBibl$Z2$F204743 $81 996 $6245$aPrincipi e direttive in ordine alla scuola, ai problemi economici ed alla attivitą politica :$b1925, Napoli$9(OLS)http://semarc/title/345735 996 $6260$aMilano :$bVita e Pensiero$9(OLS)http://semarc/publisher/29642 LEADER 00993nam a2200217 i 4500 001 000000179498 003 CaOOAMICUS 005 20250829115608.0 008 090515s1989 xxk u000 u mul u 040 $aSeMil$bita 245 10$a9: Timaeus ; Critias ; Cleitophon ; Menexenus ; Epistoles /$cPlato ; with an english translation by R. G. Bury. 300 $aVIII, 635 p. 490 1 $aThe Loeb Classical Library ;$v234 700 1 $aBury, Robert Gregg,$d<1869-1951>.$0(OLS)http://semarc/name/9529 773 0 $aPlato <427-347 a.C.>$tPlato.$dCambridge, Massachusetts : Harvard University Press ; London : Heinemann, 1953-$g9$w()21308 830 4$aThe Loeb Classical Library ;$v234.$0(OLS)http://semarc/title/26868 850 $aSeMil 852 $aSeMil$W1$xVenegono$y1$m1Y II 43$j261125$B130260$CSeMilBibl$Z2$F141729 $81 961 $aOmaggio: Villa don Cesare 996 $6245$a9: Timaeus ; Critias ; Cleitophon ; Menexenus ; Epistoles$9(OLS)http://semarc/title/257711